000 00562nam a2200205Ia 4500
003 GCL
008 140319s9999 xx 000 0 eng d
020 _a1857431219
040 _aGCL /
_cGCL
082 0 4 _aREF
_b980
_bE S
245 1 0 _aSOUTH AMERICA, CENTRAL AMERICA AND THE CARIBBEAN 2002
250 _aTENTH
260 _aانجلترا :
_bEUROPA PUBLICATIONS LIMITED ،
_c2001
300 _a32 CM ؛
_c916 P
650 0 4 _aDIRECTORIES
650 0 4 _aSOUTH AFRICA
650 0 4 _aCENTRAL AMERICA
650 0 4 _aCARIBBEAN AREA - GEOGRAPHY
942 _2ddc
_cREF
999 _c1705
_d1705